[Event "CHN Team"]
[Site "Wuxi"]
[Date "2016.07.29"]
[Round "3.3"]
[White "Zhou, Jiangnan"]
[Black "Wu, Kaiyu"]
[Result "1/2-1/2"]
[WhiteElo "2161"]
[BlackElo "2301"]
[PlyCount "60"]
[EventDate "2016.07.28"]
[EventType "team-swiss"]
[EventRounds "9"]
[EventCountry "CHN"]
[SourceTitle "CBM 173 Extra"]
[Source "ChessBase"]
[SourceDate "2016.08.29"]
[SourceVersion "1"]
[SourceVersionDate "2016.08.29"]
[SourceQuality "1"]
[WhiteTeam "Qingdao"]
[BlackTeam "Shandong"]
[WhiteTeamCountry "CHN"]
[BlackTeamCountry "CHN"]

1. Nf3 c5 2. c4 Nc6 3. g3 g6 4. d4 cxd4 5. Nxd4 Bg7 6. Nc2 d6 7. Bg2 Be6 8. Ne3 Nf6 9. 0-0 0-0 10. Nc3 Rc8 11. Rb1 Qd7 12. Re1 Rfd8 13. b3 Bh3 14. Bb2 Bxg2 15. Kxg2 e6 16. Nb5 d5 17. cxd5 Nxd5 18. Nxd5 Qxd5+ 19. Qxd5 Rxd5 20. Bxg7 Kxg7 21. Nc3 Rc5 22. Ne4 Rc2 23. Nd6 Rb8 24. a3 Nd4 25. Rbc1 Rc6 26. Rxc6 bxc6 27. b4 Nc2 28. Rc1 Nxa3 29. Rxc6 Nb5 30. Nxb5 Rxb5 1/2-1/2

[Event "CHN-chT Torch Real Estate Cup"]
[Site "Jiangsu Wuxi"]
[Date "2008.10.30"]
[Round "12"]
[White "Wang, Chen"]
[Black "Wu, Kaiyu"]
[Result "1-0"]
[WhiteElo "2387"]
[BlackElo "2299"]
[PlyCount "109"]
[EventDate "2008.05.19"]
[EventType "team-tourn"]
[EventRounds "12"]
[EventCountry "CHN"]
[SourceTitle "EXT 2009"]
[Source "ChessBase"]
[SourceDate "2008.11.26"]
[SourceVersion "1"]
[SourceVersionDate "2008.11.26"]
[SourceQuality "1"]

1. e4 e5 2. Bc4 Nf6 3. d3 Bc5 4. Nf3 d6 5. c3 h6 6. Nbd2 0-0 7. 0-0 Nc6 8. h3 a6 9. Bb3 Be6 10. Bc2 Ba7 11. Re1 Re8 12. Nf1 d5 13. Qe2 Qd7 14. N3h2 Nh7 15. Ng3 Ne7 16. Qf3 Ng6 17. Ng4 dxe4 18. dxe4 Nh4 19. Qe2 Bxg4 20. hxg4 Ng5 21. Nf5 Nxf5 22. gxf5 Nh7 23. g3 Rad8 24. Kg2 c6 25. Rh1 Bc5 26. b4 Bf8 27. Be3 Qc7 28. a4 a5 29. Qc4 Nf6 30. bxa5 Qxa5 31. Rhb1 Rd7 32. Bb6 Qa6 33. Qxa6 bxa6 34. a5 Rc8 35. Rd1 c5 36. Kf3 c4 37. Ra4 Be7 38. Be3 Rdc7 39. Rb1 Nd7 40. Bd1 Kf8 41. Be2 Ke8 42. Rd1 Rc6 43. Bf1 R8c7 44. Rd5 Rc8 45. Ra1 Rb8 46. Ra4 Rbc8 47. Bh3 R8c7 48. Ra1 Rb7 49. Rad1 Rcc7 50. Bf1 Rc6 51. Be2 Rcc7 52. R1d2 Rb5 53. Bd1 Nf6 54. Ba4 Nxd5 55. Rxd5 1-0

[Event "CHN-chT Torch Real Estate Cup"]
[Site "Jiangsu Wuxi"]
[Date "2008.10.29"]
[Round "11"]
[White "Wang, Hao"]
[Black "Wu, Kaiyu"]
[Result "1-0"]
[WhiteElo "2684"]
[BlackElo "2299"]
[PlyCount "65"]
[EventDate "2008.05.19"]
[EventType "team-tourn"]
[EventRounds "12"]
[EventCountry "CHN"]
[SourceTitle "EXT 2009"]
[Source "ChessBase"]
[SourceDate "2008.11.26"]
[SourceVersion "1"]
[SourceVersionDate "2008.11.26"]
[SourceQuality "1"]

1. d4 d5 2. c4 dxc4 3. Nf3 Nf6 4. e3 e6 5. Bxc4 c5 6. 0-0 a6 7. Bb3 cxd4 8. exd4 Nc6 9. Nc3 Be7 10. Bg5 0-0 11. Qd2 Re8 12. Rad1 Nd5 13. Rfe1 b6 14. h4 Bb7 15. Nxd5 exd5 16. h5 Qd7 17. Bxe7 Nxe7 18. Ne5 Qd6 19. Qf4 f6 20. Ng6 Qxf4 21. Nxf4 Rad8 22. Re6 b5 23. Rb6 Bc8 24. h6 Rf8 25. Re1 Nf5 26. Bxd5+ Kh8 27. hxg7+ Kxg7 28. Rd1 Rd6 29. Rxd6 Nxd6 30. Rc1 Rd8 31. Be6 Bb7 32. f3 Kh6 33. Kf2 1-0

[Event "CHN-chT 3rd"]
[Site "China"]
[Date "2007.09.14"]
[Round "13"]
[White "Yu, Shaoteng"]
[Black "Wu, Kaiyu"]
[Result "0-1"]
[WhiteElo "2524"]
[BlackElo "2287"]
[PlyCount "110"]
[EventDate "2007.04.??"]
[EventType "team-tourn"]
[EventRounds "18"]
[EventCountry "CHN"]
[SourceTitle "EXT 2017"]
[Source "ChessBase"]
[SourceDate "2016.10.25"]
[SourceVersion "1"]
[SourceVersionDate "2016.10.25"]
[SourceQuality "1"]

1. e4 e5 2. Nf3 Nc6 3. Nc3 Nf6 4. g3 d5 5. exd5 Nd4 6. Bg2 Bg4 7. h3 Bxf3 8. Bxf3 Nxf3+ 9. Qxf3 Bb4 10. 0-0 0-0 11. Re1 Re8 12. Qf5 Bxc3 13. dxc3 Qxd5 14. Bg5 Qe6 15. Qxe6 Rxe6 16. Bxf6 gxf6 17. Rad1 Rd6 18. Rxd6 cxd6 19. Rd1 Rd8 20. c4 b6 21. Kg2 f5 22. a4 Kg7 23. Rd5 f6 24. a5 Kf7 25. axb6 axb6 26. Rb5 Rb8 27. Kf3 Ke6 28. Ke3 Kd7 29. Rb4 Kc6 30. Ra4 Kb7 31. g4 fxg4 32. hxg4 Rg8 33. f3 Rg5 34. Ke4 h5 35. gxh5 Kc6 36. Ra7 Rxh5 37. b3 f5+ 38. Ke3 Rh2 39. b4 Rxc2 40. b5+ Kc5 41. Rc7+ Kb4 42. Rc6 Rxc4 43. Rxb6 f4+ 44. Ke2 Rd4 45. Rb8 Kc5 46. b6 Kc6 47. Rc8+ Kxb6 48. Rc1 Kb5 49. Rc8 Rc4 50. Rd8 Kc5 51. Kd3 Ra4 52. Rc8+ Kd5 53. Rc7 Ra2 54. Rc1 Rf2 55. Rd1 Ke6 0-1

[Event "CHN-chT 2nd"]
[Site "China"]
[Date "2006.04.06"]
[Round "3"]
[White "Wu, Kaiyu"]
[Black "Yu, Zong Yang"]
[Result "1/2-1/2"]
[WhiteElo "2287"]
[BlackElo "2334"]
[PlyCount "61"]
[EventDate "2006.04.04"]
[EventType "team-tourn"]
[EventRounds "18"]
[EventCountry "CHN"]
[SourceTitle "EXT 2017"]
[Source "ChessBase"]
[SourceDate "2016.10.25"]
[SourceVersion "1"]
[SourceVersionDate "2016.10.25"]
[SourceQuality "1"]
[WhiteTeam "Tianjing"]
[BlackTeam "Zhejiang"]
[WhiteTeamCountry "CHN"]
[BlackTeamCountry "CHN"]

1. e4 c5 2. Nf3 Nc6 3. Bb5 e6 4. 0-0 Nge7 5. c3 a6 6. Ba4 b5 7. Bc2 d5 8. d4 cxd4 9. Nxd4 Bb7 10. Nb3 Na5 11. Nxa5 Qxa5 12. Nd2 Ng6 13. exd5 Bxd5 14. c4 Bc6 15. Nb3 Qc7 16. cxb5 Bxb5 17. Bd3 Bd6 18. Bxb5+ axb5 19. h3 Be5 20. Qe2 Qc4 21. Qxc4 bxc4 22. Nd2 c3 23. Nc4 cxb2 24. Bxb2 Bxb2 25. Nxb2 Ke7 26. a4 Nf4 27. Nc4 Ra7 28. Nb6 Ra5 29. Kh2 Nd5 30. Nxd5+ Rxd5 31. Rfb1 1/2-1/2

[Event "Torch Cup"]
[Site "Xiapu"]
[Date "2005.06.21"]
[Round "14"]
[White "Wu, Kaiyu"]
[Black "Yu, Lie"]
[Result "1-0"]
[WhiteElo "2294"]
[BlackElo "2328"]
[PlyCount "63"]
[EventDate "2005.06.21"]
[EventType "team"]
[EventRounds "19"]
[EventCountry "CHN"]
[SourceTitle "CBM 106 Extra"]
[Source "ChessBase"]
[SourceDate "2005.07.01"]
[SourceVersion "1"]
[SourceVersionDate "2005.07.01"]
[SourceQuality "1"]

1. e4 c5 2. Nf3 Nc6 3. Bb5 g6 4. 0-0 Bg7 5. c3 e5 6. d4 exd4 7. cxd4 cxd4 8. Bf4 Nge7 9. Bd6 Qb6 10. Na3 Nd8 11. Bb4 Kf8 12. Rc1 d6 13. Nd2 Be6 14. Qa4 a6 15. Ndc4 Qa7 16. Bxd6 axb5 17. Bxe7+ Kxe7 18. Qb4+ Kf6 19. e5+ Kg5 20. Nxb5 Qb8 21. Qd2+ Kh5 22. f3 g5 23. g4+ Kg6 24. Qd3+ Kh6 25. f4 Bf8 26. Ncd6 Be7 27. f5 Bd7 28. f6 Bxg4 29. fxe7 Ne6 30. Rf6+ Kg7 31. e8Q Rxe8 32. Rxf7+ 1-0

[Event "CHN-chT Torch Real Estate Cup"]
[Site "Wuxi"]
[Date "2005.05.13"]
[Round "12"]
[White "Wu, Kaiyu"]
[Black "Lin, Chen"]
[Result "1/2-1/2"]
[WhiteElo "2294"]
[BlackElo "2332"]
[PlyCount "96"]
[EventDate "2005.05.08"]
[EventType "team-tourn"]
[EventRounds "13"]
[EventCountry "CHN"]
[SourceTitle "CBM 106 Extra"]
[Source "ChessBase"]
[SourceDate "2005.07.01"]
[SourceVersion "1"]
[SourceVersionDate "2005.07.01"]
[SourceQuality "1"]

1. e4 c5 2. Nf3 d6 3. Bb5+ Nc6 4. 0-0 Bd7 5. Re1 Nf6 6. h3 a6 7. Bf1 e5 8. c3 Be7 9. d4 b5 10. a4 Rb8 11. axb5 axb5 12. Na3 c4 13. b3 cxb3 14. Qxb3 b4 15. Nc4 bxc3 16. Qxc3 exd4 17. Nxd4 0-0 18. Ba3 d5 19. Nxc6 Bxc6 20. Ne5 Ba8 21. Bxe7 Qxe7 22. exd5 Nxd5 23. Qd2 Qb4 24. Qxb4 Rxb4 25. Nd7 Rd8 26. Red1 Bb7 27. Nc5 Kf8 28. g3 Bc6 29. Bg2 Rb5 30. Rac1 Ke7 31. Re1+ Kf8 32. Ne6+ fxe6 33. Rxc6 Re8 34. Rcxe6 Rxe6 35. Rxe6 Nf6 36. Bf3 Ra5 37. Rb6 Kf7 38. Kg2 h6 39. Be2 Kf8 40. Bd3 Rd5 41. Bc4 Rd7 42. Rb8+ Ke7 43. f4 Rd8 44. Rb3 Rd4 45. Be2 Re4 46. Rb7+ Nd7 47. Rb2 Kf6 48. Kf3 Rd4 1/2-1/2

[Event "CHN-chT Torch Real Estate Cup"]
[Site "Wuxi"]
[Date "2005.05.09"]
[Round "8"]
[White "Wu, Kaiyu"]
[Black "Wang, Hao"]
[Result "0-1"]
[WhiteElo "2294"]
[BlackElo "2484"]
[PlyCount "164"]
[EventDate "2005.05.08"]
[EventType "team-tourn"]
[EventRounds "13"]
[EventCountry "CHN"]
[SourceTitle "CBM 106 Extra"]
[Source "ChessBase"]
[SourceDate "2005.07.01"]
[SourceVersion "1"]
[SourceVersionDate "2005.07.01"]
[SourceQuality "1"]

1. e4 e6 2. d4 d5 3. exd5 exd5 4. Bd3 Bd6 5. Nf3 Nf6 6. 0-0 0-0 7. h3 h6 8. Re1 Re8 9. Nc3 Rxe1+ 10. Nxe1 c5 11. dxc5 Bxc5 12. Nf3 Nc6 13. a3 a6 14. b4 Bd6 15. Bb2 Be6 16. Ne2 Ne4 17. Ned4 Nxd4 18. Bxd4 a5 19. Rb1 axb4 20. axb4 Qe7 21. Qe1 Bf5 22. c3 Re8 23. Bb5 Rc8 24. Rd1 Qe6 25. Qe3 Qe7 26. Re1 Qc7 27. Nh4 Bh7 28. Bd3 Re8 29. g3 Qc8 30. Bf1 Re6 31. Qc1 Ng5 32. Bg2 Be4 33. Bf1 Re7 34. Kh2 Ne6 35. Be3 Rc7 36. Bd2 Qd8 37. Kg1 Bxb4 38. c4 Be7 39. Ba5 Bxh4 40. Bxc7 Qxc7 41. cxd5 Qxc1 42. Rxc1 Bg5 43. f4 Nxf4 44. Rc8+ Kh7 45. gxf4 Bxf4 46. Bg2 Bf5 47. Rd8 Bc7 48. Re8 Bd6 49. Kf2 Kg6 50. Ke3 Kf6 51. Kd4 g5 52. Rd8 Be5+ 53. Kc5 Ke7 54. Rg8 Bd3 55. Kb6 Ba6 56. Be4 Kd6 57. Rd8+ Ke7 58. Rg8 Bf1 59. Bf5 Bg2 60. Kc5 Bd6+ 61. Kd4 Kf6 62. Bc8 b6 63. Rh8 Bc5+ 64. Kc4 Bf1+ 65. Kc3 Kg7 66. Rd8 Be7 67. Re8 Bd6 68. Rd8 Bc7 69. Re8 h5 70. Re1 Bb5 71. Kb4 Bd3 72. Kc3 Bg6 73. Re7 Bd6 74. Rb7 Bc5 75. Kc4 Kf6 76. Bd7 Ke5 77. Be8 g4 78. hxg4 hxg4 79. d6 g3 80. Re7+ Kxd6 81. Re1 g2 82. Rd1+ Ke7 0-1

[Event "Jinan Torch Cup"]
[Site "Jinan"]
[Date "2005.04.22"]
[Round "3"]
[White "Lin, Weiguo"]
[Black "Wu, Kaiyu"]
[Result "1/2-1/2"]
[WhiteElo "2448"]
[BlackElo "2294"]
[PlyCount "84"]
[EventDate "2005.04.20"]
[EventType "team"]
[EventRounds "9"]
[EventCountry "CHN"]
[SourceTitle "CBM 106 Extra"]
[Source "ChessBase"]
[SourceDate "2005.07.01"]
[SourceVersion "1"]
[SourceVersionDate "2005.07.01"]
[SourceQuality "1"]

1. d4 d5 2. c4 dxc4 3. e4 e5 4. Nf3 exd4 5. Qxd4 Qxd4 6. Nxd4 Bc5 7. Nb5 Na6 8. Bf4 c6 9. Nd6+ Bxd6 10. Bxd6 Be6 11. Nd2 0-0-0 12. e5 Nh6 13. Bxc4 Rhe8 14. Bxa6 bxa6 15. Rc1 Bd5 16. 0-0 f6 17. Nc4 Nf7 18. f4 fxe5 19. fxe5 Bxc4 20. Rxc4 Nxe5 21. Bxe5 Rxe5 22. Rf7 Rd2 23. Rxc6+ Kb8 24. h4 g5 25. Rg7 gxh4 26. Rh6 Rxb2 27. Rhxh7 Re8 28. a4 Rb4 29. a5 Rb5 30. Kh2 Rxa5 31. Rb7+ Ka8 32. Rxa7+ Kb8 33. Rhb7+ Kc8 34. Rb4 Re6 35. Rxh4 Kb8 36. Rf7 Re8 37. Rh6 Rg8 38. g4 Rag5 39. Rb6+ Kc8 40. Rxa6 Kb8 41. Rb6+ Kc8 42. Rc6+ Kb8 1/2-1/2

[Event "Wch U16"]
[Site "Oropesa del Mar"]
[Date "2001.10.30"]
[Round "9"]
[White "Efimenko, Zahar"]
[Black "Wu, Kaiyu"]
[Result "1-0"]
[WhiteElo "2495"]
[BlackElo "2284"]
[PlyCount "63"]
[EventDate "2001.10.21"]
[EventType "swiss"]
[EventRounds "11"]
[EventCountry "ESP"]
[SourceTitle "EXT 2002"]
[Source "ChessBase"]
[SourceDate "2001.11.25"]
[SourceVersion "1"]
[SourceVersionDate "2001.11.25"]
[SourceQuality "1"]

1. e4 Nf6 2. e5 Nd5 3. d4 d6 4. Nf3 g6 5. Bc4 Nb6 6. Bb3 Bg7 7. a4 a5 8. Ng5 e6 9. f4 dxe5 10. fxe5 c5 11. c3 cxd4 12. 0-0 0-0 13. cxd4 Nc6 14. Nf3 f6 15. Nc3 fxe5 16. Bg5 Bf6 17. Bxf6 Qxf6 18. dxe5 Qf4 19. Qd6 Re8 20. Rae1 Rd8 21. Qc5 Qb4 22. Qxb4 axb4 23. Ne4 h6 24. Nd6 Nd5 25. Nh4 g5 26. Ng6 Kg7 27. Rf7+ Kxg6 28. Bc2+ Kh5 29. Rg7 Nxe5 30. Rxe5 Nf6 31. Bd1+ Kh4 32. Re3 1-0

[Event "Tan Lian Ann Cup"]
[Site "Tianjing"]
[Date "2001.07.30"]
[Round "16"]
[White "Wang, Rui"]
[Black "Wu, Kaiyu"]
[Result "1-0"]
[WhiteElo "2509"]
[BlackElo "2284"]
[PlyCount "72"]
[EventDate "2001.07.15"]
[EventType "tourn"]
[EventRounds "22"]
[EventCountry "CHN"]
[EventCategory "5"]
[SourceTitle "CBM 083 Extra"]
[Source "ChessBase"]
[SourceDate "2001.09.11"]
[SourceVersion "1"]
[SourceVersionDate "2001.09.11"]
[SourceQuality "1"]

1. d4 Nf6 2. Nc3 d5 3. Bg5 e6 4. e4 dxe4 5. Nxe4 Be7 6. Bxf6 Bxf6 7. Nf3 0-0 8. c3 b6 9. Bd3 Bb7 10. Qc2 Nd7 11. Rd1 g6 12. 0-0 Bg7 13. Rfe1 Re8 14. Qa4 a6 15. Neg5 b5 16. Qc2 Nb6 17. Ne4 Bd5 18. b3 h6 19. Ne5 Nd7 20. f4 Nxe5 21. fxe5 Bxe4 22. Bxe4 Rb8 23. Bc6 Re7 24. Rf1 Qc8 25. c4 Rb6 26. cxb5 axb5 27. a4 bxa4 28. bxa4 Qa6 29. Rc1 Qa7 30. Qc5 Bf8 31. a5 Ra6 32. Qxa7 Rxa7 33. Ra1 Ra6 34. Rfc1 Bg7 35. Bb7 Ra7 36. a6 g5 1-0

[Event "Tan Lian Ann Cup"]
[Site "Tianjing"]
[Date "2001.07.29"]
[Round "15"]
[White "Wu, Kaiyu"]
[Black "Petronic, Jovan"]
[Result "1/2-1/2"]
[WhiteElo "2284"]
[BlackElo "2389"]
[PlyCount "86"]
[EventDate "2001.07.15"]
[EventType "tourn"]
[EventRounds "22"]
[EventCountry "CHN"]
[EventCategory "5"]
[SourceTitle "CBM 083 Extra"]
[Source "ChessBase"]
[SourceDate "2001.09.11"]
[SourceVersion "1"]
[SourceVersionDate "2001.09.11"]
[SourceQuality "1"]

1. e4 d6 2. d4 Nf6 3. Nc3 g6 4. f4 Bg7 5. Nf3 0-0 6. Be3 Na6 7. Qd2 c5 8. d5 e6 9. dxe6 Bxe6 10. Rd1 Qb6 11. b3 Qb4 12. Bxa6 bxa6 13. a3 Nxe4 14. axb4 Bxc3 15. bxc5 dxc5 16. Qxc3 Nxc3 17. Ra1 c4 18. Rxa6 cxb3 19. cxb3 Rfe8 20. 0-0 Bxb3 21. Re1 Nd5 22. Rxa7 Rxa7 23. Bxa7 Rxe1+ 24. Nxe1 Nxf4 25. Kf2 Bd5 26. Bb8 Ne6 27. Nd3 g5 28. Be5 h6 29. g4 Kh7 30. Bb2 h5 31. Ne5 Nf4 32. Bc1 hxg4 33. Bxf4 gxf4 34. Nxg4 Kg6 35. Ne5+ Kf5 36. Nd3 Be4 37. Nc5 Bc2 38. Kf3 Ke5 39. Nd7+ Ke6 40. Nc5+ Kf5 41. Kf2 Ke5 42. Kf3 Kf5 43. Kf2 Kg4 1/2-1/2

[Event "Tan Lian Ann Cup"]
[Site "Tianjing"]
[Date "2001.07.19"]
[Round "5"]
[White "Wu, Kaiyu"]
[Black "Wang, Rui"]
[Result "1/2-1/2"]
[WhiteElo "2284"]
[BlackElo "2509"]
[PlyCount "101"]
[EventDate "2001.07.15"]
[EventType "tourn"]
[EventRounds "22"]
[EventCountry "CHN"]
[EventCategory "5"]
[SourceTitle "CBM 083 Extra"]
[Source "ChessBase"]
[SourceDate "2001.09.11"]
[SourceVersion "1"]
[SourceVersionDate "2001.09.11"]
[SourceQuality "1"]

1. e4 c5 2. Nf3 e6 3. d4 cxd4 4. Nxd4 a6 5. Nc3 Qc7 6. g3 Nf6 7. Bg2 Be7 8. 0-0 d6 9. f4 0-0 10. Kh1 Nc6 11. Nxc6 bxc6 12. g4 d5 13. g5 Nxe4 14. Nxe4 dxe4 15. Bxe4 Bb7 16. Qf3 Rab8 17. Be3 c5 18. Bxb7 Rxb7 19. b3 c4 20. Rad1 Rb5 21. Qe4 Bc5 22. Bxc5 Rxc5 23. b4 Rb5 24. c3 Rc8 25. Rfe1 g6 26. Rd4 Rf5 27. Re2 Kg7 28. Re1 h6 29. gxh6+ Kxh6 30. Re2 Kg7 31. Kg1 a5 32. a3 axb4 33. axb4 Qa7 34. Kg2 Qb8 35. Rd7 Rxf4 36. Qxe6 Rf5 37. Qe4 Kg8 38. Rd5 Rf4 39. Qe5 Qa8 40. Qxf4 Qxd5+ 41. Qf3 Qg5+ 42. Qg3 Qd8 43. Qf3 Qd7 44. Qe4 Qd3 45. Qf3 Rd8 46. Re3 Qb1 47. Re2 Qc1 48. Qf6 Qd1 49. Kf2 Rc8 50. b5 Qh1 51. Qf4 1/2-1/2

[Event "Tan Lian Ann Cup"]
[Site "Tianjing"]
[Date "2001.07.01"]
[Round "18"]
[White "Chan, Peng Kong"]
[Black "Wu, Kaiyu"]
[Result "1-0"]
[WhiteElo "2393"]
[BlackElo "2284"]
[PlyCount "47"]
[EventDate "2001.07.15"]
[EventType "tourn"]
[EventRounds "22"]
[EventCountry "CHN"]
[EventCategory "5"]
[SourceTitle "CBM 083 Extra"]
[Source "ChessBase"]
[SourceDate "2001.09.11"]
[SourceVersion "1"]
[SourceVersionDate "2001.09.11"]
[SourceQuality "1"]

1. e4 Nf6 2. e5 Nd5 3. d4 d6 4. Nf3 Bg4 5. Be2 e6 6. 0-0 Be7 7. c4 Nb6 8. Nc3 0-0 9. Be3 Nc6 10. exd6 cxd6 11. b3 Rc8 12. h3 Bxf3 13. Bxf3 Re8 14. Qd2 Bf8 15. Rad1 a6 16. g3 Qc7 17. Bg2 g6 18. h4 h5 19. d5 exd5 20. Bxb6 Qxb6 21. Nxd5 Qd8 22. Rfe1 Rxe1+ 23. Rxe1 b5 24. Re8 1-0

[Event "CHN-chT"]
[Site "Suzhou"]
[Date "2001.03.30"]
[Round "5"]
[White "Cheng, Xinkai"]
[Black "Wu, Kaiyu"]
[Result "1/2-1/2"]
[WhiteElo "2282"]
[BlackElo "2287"]
[PlyCount "82"]
[EventDate "2001.03.02"]
[EventType "team"]
[EventRounds "10"]
[EventCountry "CHN"]
[SourceTitle "EXT 2002"]
[Source "ChessBase"]
[SourceDate "2001.11.25"]
[SourceVersion "1"]
[SourceVersionDate "2001.11.25"]
[SourceQuality "1"]

1. d4 c5 2. d5 e6 3. c4 exd5 4. cxd5 d6 5. Nc3 Nf6 6. Nf3 g6 7. Bf4 a6 8. a4 Bg7 9. e4 0-0 10. Nd2 Re8 11. Be2 Qc7 12. 0-0 Nbd7 13. Qc2 Ne5 14. h3 Rb8 15. a5 Nfd7 16. Be3 f6 17. f4 Nf7 18. Nc4 b5 19. axb6 Nxb6 20. Nxb6 Rxb6 21. Bf2 f5 22. Na4 Rb4 23. e5 dxe5 24. Qxc5 Qb8 25. Nb6 Bf8 26. Qc6 Bb7 27. Qc3 Qd8 28. Nc4 Qxd5 29. Ne3 Qc5 30. fxe5 Qxe5 31. Bxa6 Bxa6 32. Rxa6 Rxb2 33. Qxe5 Nxe5 34. Nd5 Bg7 35. Rd1 Nf7 36. Ra7 Rbe2 37. Bc5 Ne5 38. Kf1 Rc2 39. Be7 Rc6 40. Ba3 Rc2 41. Be7 Rc6 1/2-1/2